000 00590nam a2200181Ia 4500
008 100920s9999 xx 000 0 und d
082 _b77892
_a520 न 00
100 _aसंपा. , भोसले राजन.
245 _aकथा कामजीवनाची.
260 _bदृष्टी प्रकाशन ,मुंबई.
_c2000
300 _a156
_bसाधी
365 _b100
520 _aशाअ.
630 _aकथा कामजीवनाची.
650 _aशाअ.
730 _aकथा कामजीवनाची.
942 _cBOOK
999 _c719125
_d719122